000
00295nam a22001217a 4500
040
_c
RUA
082
_a
OXF LIZ 2009 C160 Or.
100
_a
LIZ& JOHN SOARS
245
_a
New Headway Intermediate Student's book.
260
_a
PHNOM PENH
_b
RUA
_c
2009
300
_a
159p.
_b
ill.
_c
29cm.
942
_c
EK
999
_c
25510
_d
25510